000 00292nam a22001217a 4500
008 160510b xxu||||| |||| 00| 0 eng d
020 _a9780072978094
020 _a0072978090
041 _aeng
080 _a611
245 _aArt notebook human anatomy:
_cKenneth S. Saladin;
942 _2udc
_cBK
999 _c1959
_d1959